Will it ever see the light of day? (Record no. 84566)
[ view plain ]
| 000 -LEADER | |
|---|---|
| fixed length control field | 00944cab a22001935a 4500 |
| 001 - CONTROL NUMBER | |
| control field | L158336 |
| 008 - FIXED-LENGTH DATA ELEMENTS--GENERAL INFORMATION | |
| fixed length control field | 150112e20141206xxk 000 0 eng d |
| 035 ## - SYSTEM CONTROL NUMBER | |
| System control number | (Sirsi) u158336 |
| 041 0# - LANGUAGE CODE | |
| Language code of text/sound track or separate title | eng |
| 100 1# - MAIN ENTRY--PERSONAL NAME | |
| Personal name | Waltham, Anne |
| 245 00 - TITLE STATEMENT | |
| Title | Will it ever see the light of day? |
| 260 ## - PUBLICATION, DISTRIBUTION, ETC. | |
| Date of publication, distribution, etc. | 2015 |
| 490 ## - SERIES STATEMENT | |
| Series statement | Estates Gazette |
| Volume/sequential designation | (1449) 6 December 2015, 82-84(3) |
| 520 ## - SUMMARY, ETC. | |
| Summary, etc. | Considers the main recommendations of the Law Commission's draft bill on rights to light which was published in February 2013 and examines if it achieves its stated goals which are to clarify the legal relationships between the different parties, simplify the law and make negotiation more efficient. Also debates whether any proposed reforms will ever be realised with a looming election and the fact that the recommendations are linked with an easements report. |
| 590 ## - LOCAL NOTE (RLIN) | |
| Local note | KA |
| 651 #4 - SUBJECT ADDED ENTRY--GEOGRAPHIC NAME | |
| Geographic name | England and Wales |
| Chronological subdivision | 1543- |
| 690 ## - LOCAL SUBJECT ADDED ENTRY--TOPICAL TERM (OCLC, RLIN) | |
| Topical term or geographic name as entry element | Rights of light |
| 9 (RLIN) | 6267 |
| 942 ## - ADDED ENTRY ELEMENTS (KOHA) | |
| Suppress in OPAC | 0 |
| Withdrawn status | Lost status | Source of classification or shelving scheme | Damaged status | Not for loan | Home library | Current library | Shelving location | Date acquired | Total Checkouts | Full call number | Barcode | Date last seen | Copy number | Price effective from | Koha item type |
|---|---|---|---|---|---|---|---|---|---|---|---|---|---|---|---|
| Dewey Decimal Classification | London | London | Journal article | 12/01/2015 | L158336 | 158336-1001 | 06/08/2019 | 1 | 06/08/2019 | Journal article |